[Event "San Francisco Grey Memorial"]
[Site "San Francisco"]
[Date "2017.08.29"]
[Round "4"]
[White "Krasnov, Steven Lender"]
[Black "Giridharan, Durgashankar"]
[Result "1-0"]
[WhiteElo "1972"]
[BlackElo "1469"]
[PlyCount "65"]
[EventDate "2017.08.08"]
[EventType "swiss"]
[EventRounds "9"]
[EventCountry "USA"]
[SourceTitle "EXT 2023"]
[Source "ChessBase"]
[SourceDate "2022.10.05"]
[SourceVersion "1"]
[SourceVersionDate "2022.10.05"]
[SourceQuality "1"]

1. Nf3 Nf6 2. c4 g6 3. Nc3 Bg7 4. d4 d5 5. e3 0-0 6. Qb3 c6 7. Be2 dxc4 8. Bxc4 b5 9. Be2 Be6 10. Qc2 Qb6 11. 0-0 a6 12. b3 c5 13. Rd1 Nd5 14. Nxd5 Bxd5 15. dxc5 Rc8 16. Bb2 Rxc5 17. Qd2 Be4 18. Qd8+ Qxd8 19. Rxd8+ Bf8 20. Be5 Nc6 21. Rxa8 Nxe5 22. Rxa6 Nd3 23. h3 Kg7 24. Nd2 Rc2 25. Nxe4 Rxe2 26. Kf1 Rc2 27. Rd1 Nb4 28. Rb6 Nxa2 29. Rb8 e6 30. Rxb5 Nc3 31. Nxc3 Rxc3 32. Ke2 Be7 33. Rd7 1-0

[Event "San Francisco TNM Summer op"]
[Site "San Francisco"]
[Date "2016.05.31"]
[Round "2"]
[White "Lesquillier, Walter"]
[Black "Giridharan, Durgashankar"]
[Result "1/2-1/2"]
[WhiteElo "1623"]
[BlackElo "1199"]
[PlyCount "67"]
[EventDate "2016.05.24"]
[EventType "swiss"]
[EventRounds "8"]
[EventCountry "USA"]
[SourceTitle "EXT 2018"]
[Source "ChessBase"]
[SourceDate "2017.10.13"]
[SourceVersion "1"]
[SourceVersionDate "2017.10.13"]
[SourceQuality "1"]

1. c4 e5 2. Nc3 Nf6 3. g3 d5 4. cxd5 Nxd5 5. Bg2 Nxc3 6. bxc3 Bc5 7. Nf3 Nc6 8. d3 0-0 9. 0-0 f5 10. Qb3+ Kh8 11. Nxe5 Bxf2+ 12. Rxf2 Nxe5 13. Rf1 Re8 14. Qc2 c6 15. Bh3 Ng4 16. Bxg4 fxg4 17. e4 Be6 18. Be3 h5 19. Rf4 Qe7 20. a4 b6 21. c4 Rf8 22. Qc3 Rxf4 23. Bxf4 Rf8 24. Qe5 Qe8 25. c5 bxc5 26. Qxc5 Qf7 27. Rb1 Kh7 28. Bd6 Ba2 29. Rc1 Rc8 30. Rf1 Qd7 31. Qxh5+ Kg8 32. Qc5 Rd8 33. e5 Be6 34. Rb1 1/2-1/2